La investigación científica (Registro nro. 21815)

Detalles MARC
000 -CABECERA
Longitud fija campo de control 00479nam a22001697a 4500
003 - IDENTIFICADOR DELl NÚMERO DE CONTROL
Identificador del número de control OSt
005 - FECHA Y HORA DE LA ÚLTIMA TRANSACCIÓN
Fecha y hora de la última transacción 20180727153648.0
008 - CÓDIGOS DE INFORMACIÓN DE LONGITUD FIJA
Códigos de información de longitud fija 920625s1985 slv spa
040 ## - FUENTE DE LA CATALOGACIÓN
Centro catalogador de origen BCRI
Centro transcriptor BCRI
100 1# - PUNTO DE ACCESO PRINCIPAL-NOMBRE DE PERSONA
Nombre de persona Muñoz Campos, Roberto
9 (RLIN) 3369
245 10 - MENCIÓN DE TÍTULO
Título La investigación científica
Resto del título : Paso a paso
Mención de responsabilidad, etc. R. Muñoz Campos
250 ## - MENCIÓN DE EDICIÓN
Mención de edición 4ª ed, reimp.
260 ## - PUBLICACIÓN, DISTRIBUCIÓN, ETC. (PIE DE IMPRENTA)
Lugar de publicación, distribución, etc. San Salvador
Nombre del editor, distribuidor, etc. UCA
Fecha de publicación, distribución, etc. 2009
300 ## - DESCRIPCIÓN FÍSICA
Extensión 275 p.
Otras características físicas il, gráf.
Dimensiones 25 cm
650 24 - PUNTO DE ACCESO ADICIONAL DE MATERIA - TÉRMINO DE MATERIA
9 (RLIN) 2258
Término de materia o nombre geográfico como elemento inicial Investigación
942 ## - ENTRADA DE ELEMENTOS AGREGADOS (KOHA)
Koha [por defecto] tipo de item 1- Monografias
Fuente de clasificaión o esquema Dewey Decimal Classification
Existencias
Suprimido Perdido Fuente de clasificación o esquema Estropeado Restricciones de uso No para préstamo Código de colección Localización permanente Localización actual Localización en estanter&íacute;as Fecha adquisición Fuente de adquisición Número de inventario Préstamos totales Signatura completa Código de barras Fecha última consulta Fecha último préstamo Fecha del precio de reemplazo Tipo de item de Koha
NULL NULL Dewey Decimal Classification NULL Prestable NULL NULL Biblioteca Centro Regional de Ilobasco Biblioteca Centro Regional de Ilobasco Sala Principal 20/07/2015 UNICAES IL000702 1 001.4 MUÑ inv 1032738 26/07/2025 23/07/2025 20/07/2015 1- Monografias
NULL NULL Dewey Decimal Classification NULL Prestable NULL NULL Biblioteca Centro Regional de Ilobasco Biblioteca Centro Regional de Ilobasco Sala Principal 20/07/2015 UNICAES IL000703 1 001.4 MUÑ inv 1032739 23/02/2026 23/02/2026 20/07/2015 1- Monografias
NULL NULL Dewey Decimal Classification NULL Prestable NULL NULL Biblioteca Centro Regional de Ilobasco Biblioteca Centro Regional de Ilobasco Sala Principal 20/07/2015 UNICAES IL000704 3 001.4 MUÑ inv 1032740 23/02/2026 23/02/2026 20/07/2015 1- Monografias